|
|
|
|
| LEADER |
01555nam a2200325 a 4500 |
| 001 |
16626720 |
| 008 |
120503s2011 enka b 001 0 eng |
| 010 |
|
|
|a 2011003114
|
| 020 |
|
|
|a 9780230579354 (pbk. : alk. paper)
|
| 040 |
|
|
|a DLC
|c DLC
|d DLC
|d BD-DhAAL
|
| 042 |
|
|
|a pcc
|
| 050 |
0 |
0 |
|a HF5549
|b .B776 2011
|
| 082 |
0 |
0 |
|a 658.3
|2 22
|
| 100 |
1 |
|
|a Boxall, Peter F.
|
| 245 |
1 |
0 |
|a Strategy and human resource management /
|c Peter Boxall and John Purcell.
|
| 250 |
|
|
|a 3rd ed.
|
| 260 |
|
|
|a Houndmills, Basingstoke, Hampshire ;
|a New York :
|b Palgrave Macmillan,
|c 2011.
|
| 300 |
|
|
|a xvii, 389 p. :
|b ill. ;
|c 24 cm.
|
| 490 |
0 |
|
|a Management, work, and organisations
|
| 504 |
|
|
|a Includes bibliographical references (p. 338-370) and indexes.
|
| 541 |
|
|
|e 00025084
|
| 650 |
|
0 |
|a Personnel management.
|
| 650 |
|
0 |
|a Organizational effectiveness.
|
| 650 |
|
0 |
|a Human capital.
|
| 700 |
1 |
|
|a Purcell, John,
|d 1945-
|
| 852 |
1 |
|
|a Ayesha Abed Library
|c General shelf.
|
| 999 |
|
|
|c 12141
|d 12141
|
| 952 |
|
|
|0 0
|1 0
|2 ddc
|4 0
|6 658_300000000000000_BOX
|7 0
|9 20156
|a BRACUL
|b BRACUL
|c GEN
|d 2012-05-07
|e karim International
|g 4800.00
|l 2
|o 658.3 BOX
|p 3010025084
|r 2015-02-13
|s 2015-02-13
|t 1
|w 2012-05-07
|y BK
|
| 952 |
|
|
|0 0
|1 0
|2 ddc
|4 0
|6 658_300000000000000_BOX
|7 0
|9 20157
|a BRACUL
|b BRACUL
|c GEN
|d 2012-05-07
|e karim International
|g 4800.00
|l 0
|o 658.3 BOX
|p 3010025085
|r 2014-05-20
|t 2
|w 2012-05-07
|y BK
|
| 952 |
|
|
|0 0
|1 0
|2 ddc
|4 0
|6 658_300000000000000_BOX
|7 0
|9 20158
|a BRACUL
|b BRACUL
|c GEN
|d 2012-05-07
|e karim International
|g 4800.00
|l 4
|m 14
|o 658.3 BOX
|p 3010025086
|r 2016-04-05
|s 2016-03-10
|t 3
|w 2012-05-07
|y BK
|